| 000 | 00612nam a2200205Ia 4500 | ||
|---|---|---|---|
| 005 | 20250508164119.0 | ||
| 008 | 008 250505s9999 xx 000 0 eng d | ||
| 020 | _a1 85649 947 2 | ||
| 037 | _aTextual | ||
| 040 |
_aFEDL _beng _cFEDL |
||
| 041 |
_aeng _2eng |
||
| 084 |
_a305.4, SAU _qFEDL |
||
| 100 |
_aSaunders Kriemild Ed. _9602904 |
||
| 245 | 0 | _aFeminist post-development thought: Rethinking modernity, postcolonialism& representation | |
| 260 |
_aLondon, UK _bZed Books _c2002 |
||
| 300 | _axv,368p. | ||
| 365 |
_aGBP _b15.95 |
||
| 942 |
_cTEXL _h305.4, SAU |
||
| 999 |
_c1387118 _d1387118 |
||